000 00475nmm a2200157Ia 4500
008 251105s9999||||xx |||||||||||||||||und||
020 _a9788497441490
041 _aspa
100 _aOrtiz Córdoba, Ángel
245 0 _aIbarrola. Un industrial cuatro veces Alcalde de Aranjuez
264 _a[Madrid, España] :
_bEdiciones Doce Calles,
_c2013
300 _a188 páginas
650 _aBiography
856 _uhttps://public.digitaliapublishing.com/a/162624
942 _cCF
999 _c90542
_d90542